| 000 | 01855nab a2200253 a 4500 | ||
|---|---|---|---|
| 005 | 20241114114444.0 | ||
| 008 | 991125c2014 mx qr p o 000 0 spa d | ||
| 035 | _aUPN01000215688 | ||
| 040 |
_aUPN _bspa _cUPN _eaacr2 |
||
| 049 | _aART-E | ||
| 100 | 1 | _aRovira Collado, José | |
| 245 | 1 | 0 | _aBooktrailer y Booktuber como herramientas LIJ 2.0 para el desarrollo del hábito lector |
| 506 | 0 | _aAcceso abierto | |
| 520 | 3 | _aEn las fórmulas más recientes para promover la lectura, nos centramos en dos dinámicas que nos ofrecen muchas posibilidades en las escuelas para fomentar los hábitos de lectura de nuestros estudiantes. Son Booktrailer, publicidad de libros audiovisuales como el cine y Booktuber, videos de las últimas lecturas, principalmente jóvenes compartidos a través de diferentes herramientas de Internet. Los nuevos dispositivos digitales han favorecido la grabación, edición y publicación de video, por lo que el formato audiovisual y multimedia se convierte en el aliado perfecto de la lectura. Este trabajo pretende hacer una descripción de ambos conceptos, teniendo en cuenta sus ventajas y desventajas y sobre todo las muchas posibilidades de implementación en el campo educativo para trabajar la comprensión de lectura. Para este espectáculo, varios ejemplos de Las buenas prácticas de ambas dinámicas para garantizar que estos productos digitales son un apoyo ideal para el desarrollo de los hábitos de lectura entre los estudiantes. | |
| 650 | 7 |
_aWeb 2.0 _948575 |
|
| 650 | 2 |
_aHábitos de lectura _96074 |
|
| 650 | 4 |
_aEstudiantes _913250 |
|
| 653 | 0 | _aLectura social | |
| 653 | 0 | _aRecursos digitales | |
| 773 |
_gNo. 7 (2017), p. 50-67 _tInvestigaciones sobre lectura (ISL) _x2340-8685 |
||
| 856 | 4 | _uhttps://revistas.uma.es/index.php/revistaISL/article/view/10981 | |
| 905 | _aArticulo | ||
| 942 | _cART-E | ||
| 999 |
_c187788 _d187788 |
||